000 00249nam a2200085Ia 4500
008 220204s9999 xx 000 0 und d
082 _a331:338.012(540)
_bREP;1
245 0 _aReport of the study group on labour problems in the public sector
942 _cBK
999 _c22043
_d22043